000 01177cam a2200253 4500
001 ##L132656
008 060227n2005 000 0 eng u
020 _a1860818943
035 _a(Sirsi) u132656
041 0 _aeng
050 0 4 _a693.5 $2 18
100 1 _aQuillin, K.
245 0 0 _aConcretes with high ggbs contents for use in hard/firm secant piling
260 _aWatford
_bBRE
_c2005
300 _a6p.
_bill
_c30cm.
490 0 _aBRE Information Paper
_vIP 17/05
520 _aConcretes made using very high levels of ground granulated blastfurnace slag have a successful track record of use in constructing female secant piles, providing a concrete with the appropriate early-age properties for allowing piling operations to be carried out. The paper provides guidance on the appropriate mixes for concrete containing between 81 and 95% ground granulated blastfurnace slag when used in different chemical environments.
590 _aIKA280206
690 _aBUILT ENVIRONMENT-BUILDING MATERIALS-CEMENTITIOUS, CONCRETE AND MINERAL BOUND MATERIALS-CONCRETE
700 1 _aNixon, P. J.
700 1 _aMatthews, J. D.
700 1 _aLongworth, T. I.
942 _n0
999 _c105204
_d105204